| 000 | 00389nam a2200157Ia 4500 | ||
|---|---|---|---|
| 005 | 20250516032617.0 | ||
| 008 | 240331s9999 xx 000 0 und d | ||
| 020 | _a9789551767112 | ||
| 082 |
_bPER _a300 |
||
| 100 | _aPerera,G | ||
| 245 | 0 | _aParyeshana kramaweda | |
| 260 |
_aColombo _bSahasra Publishers _c2008 |
||
| 300 | _aviii, 216 p ., | ||
| 650 | _aResearach Methodology | ||
| 942 | _cL | ||
| 999 |
_c5226 _d5226 |
||